[Event "Montilla Moriles"]
[Site "Montilla"]
[Date "1974.08.20"]
[Round "1"]
[White "Andersson, Ulf"]
[Black "Radulov, Ivan"]
[Result "1/2-1/2"]
[WhiteElo "2580"]
[BlackElo "2490"]
[PlyCount "175"]
[EventDate "1974.08.??"]

{(ChPl 7/592).-} 1. Nf3 c5 2. b3 Nc6 3. Bb2 d6 4. c4 Nf6 5. e3 e6 6. Be2 Be7 7.
O-O O-O 8. d3 b6 9. Nbd2 Bb7 10. a3 Nd7 11. Rb1 d5 12. Re1 Re8 13. Qc2 Bd6 14.
Rbd1 Qc7 15. cxd5 exd5 16. Nf1 Rac8 17. Qb1 Nde5 18. Rc1 d4 19. Nxe5 Bxe5 20.
e4 Qe7 21. g3 g6 22. Rc2 Bg7 23. f4 a6 24. Nd2 Na7 25. Nc4 Qd8 26. a4 Nc6 27.
Bg4 Rb8 28. Ba3 Bc8 29. Bxc8 Rxc8 30. a5 Nxa5 31. Nxa5 bxa5 32. Bxc5 Qd7 33.
Rc4 Qb5 34. Qc2 Rb8 35. Rb1 Red8 36. e5 Bf8 37. Bxf8 Kxf8 38. Kf2 Kg8 39. Rb2
Rb7 40. Rc5 Qb4 41. Rc4 Qb5 42. Rc5 Qb4 43. Ra2 Rb5 44. Rc8 Rb8 45. Rxd8+ Rxd8
46. Qc7 Rb8 47. Qxa5 Qxb3 48. Qxa6 Qd5 49. Rc2 Kg7 50. Qf6+ Kg8 51. Qc6 Qb3 52.
Qc4 Qb6 53. Qd5 Qb1 54. Re2 Qxd3 55. e6 Qf5 56. Qd6 Re8 57. e7 f6 58. Qxd4 Kf7
59. Qc4+ Kg7 60. Qc6 Kf7 61. Qd6 g5 62. Qb4 gxf4 63. Qc4+ Kg7 64. gxf4 Qd7 65.
Qe4 f5 66. Qe3 Kf7 67. Kg3 Qd6 68. h3 Qg6+ 69. Kh2 Qd6 70. Qb3+ Kf6 71. Qc3+
Kf7 72. Qc4+ Kf6 73. Qc3+ Kf7 74. Qb3+ Kf6 75. Qg3 h6 76. Qc3+ Kf7 77. Qc4+ Kf6
78. Qc3+ Kf7 79. Qf3 Kg6 80. Qg3+ Kf7 81. Qh4 Kg6 82. Qg3+ Kf7 83. Qf3 Kg6 84.
Rc2 Qxe7 85. Rc6+ Kh7 86. Rc2 Qd6 87. Qg3 Re4 88. Rf2 {[Tiempo Blancas: 4
horas 30 minutos / Tiempo Negras: 3 horas 30 minutos] [Fuente: Partida
gentilmente cedida por Reinhard Nolde. (Alemania - GER, 17-01-2017). La
referencia hemerográfica es Serie CHESS PLAYER. (Año IV, 1974, volumen 7,
partida 592). Encuentro U. Andersson vs. I. Radulov del Torneo Internacional
Montilla-Moriles 1974. Publicación editada por Chess Player Ltd. Nottingham,
Inglaterra.]} 1/2-1/2

[Event "Montilla Moriles"]
[Site "Montilla"]
[Date "1974.08.20"]
[Round "1"]
[White "Gheorghiu, Florin"]
[Black "Keene, Raymond"]
[Result "1/2-1/2"]
[WhiteElo "2540"]
[BlackElo "2505"]
[PlyCount "120"]
[EventDate "1974.08.??"]

{(ChPl 5/589).-} 1. d4 Nf6 2. c4 e6 3. Nf3 b6 4. g3 Ba6 5. Qa4 Bb7 6. Bg2 c5 7.
O-O Be7 8. Nc3 O-O 9. Rd1 a6 10. Bf4 d6 11. dxc5 bxc5 12. b4 Bc6 13. Qa3 cxb4
14. Qxb4 e5 15. c5 a5 16. Qa3 exf4 17. cxd6 Bxd6 18. Qxd6 Qxd6 19. Rxd6 fxg3
20. hxg3 Rc8 21. Ne5 Bxg2 22. Kxg2 Ne8 23. Rd3 Nc6 24. Nxc6 Rxc6 25. Rb1 Kf8
26. Rb7 Rac8 27. Nb5 Rc2 28. Rdd7 Rxe2 29. Rxf7+ Kg8 30. Nd4 Re5 31. f4 Re3 32.
Kh3 Rc1 33. Nf5 Re2 34. Kg4 Rc3 35. Kh3 Rc1 36. Kg4 Rc3 37. Rfe7 Nf6+ 38. Kg5
Ne4+ 39. Kg4 Nf6+ 40. Kh3 Rxe7 41. Rxe7 Nh5 42. Kh4 g6 43. Nh6+ Kf8 44. Rxh7
Nxg3 45. Ra7 Ra3 46. Kg5 Ne4+ 47. Kxg6 Rxa2 48. Kf5 Ra4 49. Ke5 Ng3 50. Ra8+
Ke7 51. Nf5+ Nxf5 52. Ra7+ Ke8 53. Kxf5 Kf8 54. Kg5 Rb4 55. Rxa5 Rb6 56. Ra7
Rc6 57. Rh7 Kg8 58. Rh6 Rxh6 59. Kxh6 Kf7 60. Kg5 Kg7 {[Tiempo Blancas: 3
horas 29 minutos / Tiempo Negras: 3 horas 46 minutos] [Fuente: Partida
gentilmente cedida por Reinhard Nolde. (Alemania - GER, 17-01-2017). La
referencia hemerográfica es Serie CHESS PLAYER. (Año IV, 1974, volumen 5,
partida 589). Encuentro F. Gheorghiu vs. R. Keene del Torneo Internacional
Montilla-Moriles 1974. Publicación editada por Chess Player Ltd. Nottingham,
Inglaterra.]} 1/2-1/2

[Event "Montilla Moriles"]
[Site "Montilla"]
[Date "1974.08.20"]
[Round "1"]
[White "Parma, Bruno"]
[Black "Ribli, Zoltan"]
[Result "1/2-1/2"]
[WhiteElo "2510"]
[BlackElo "2525"]
[PlyCount "95"]
[EventDate "1974.08.??"]

1. e4 c5 2. Nf3 e6 3. d4 cxd4 4. Nxd4 Nc6 5. Nc3 a6 6. Be2 Qc7 7. O-O Nf6 8.
Be3 Be7 9. f4 d6 10. a4 O-O 11. Kh1 Re8 12. Qe1 Nxd4 13. Bxd4 e5 14. fxe5 dxe5
15. Qg3 Bd8 16. Be3 Kh8 17. Rf2 Be6 18. Raf1 Be7 19. Bg5 Rad8 20. Qh4 Ng8 21.
Bg4 Bc4 22. Bxe7 Nxe7 23. Be2 f6 24. Bxc4 Qxc4 25. Qg3 Rd2 26. Qf3 Red8 27. h3
h6 28. Rxd2 Rxd2 29. Rf2 Rd4 30. Kh2 b5 31. axb5 axb5 32. b3 Qc6 33. Ne2 Rd2
34. c3 Qd6 35. Ng3 Rd3 36. Qg4 g6 37. Rf3 Rxf3 38. Qxf3 Kg7 39. Qe2 Qc6 40. Qd3
h5 41. Nf1 f5 42. exf5 gxf5 43. Ng3 h4 44. Nxf5+ Nxf5 45. Qxf5 Qxc3 46. Qd7+
Kg6 47. Qe6+ Kg7 48. Qe7+ {[Tiempo Blancas: 2 horas 15 minutos / Tiempo Negras:
2 horas 17 minutos] [Fuente: Boletín oficial del IV TORNEO DEL VINO
MONTILLA-MORILES. (1974, partida número 5, página 6). José María González
(Editor). San Sebastián, España. ]} 1/2-1/2

[Event "Montilla Moriles"]
[Site "Montilla"]
[Date "1974.08.20"]
[Round "1"]
[White "Pfleger, Helmut"]
[Black "Kavalek, Lubomir"]
[Result "1/2-1/2"]
[WhiteElo "2535"]
[BlackElo "2625"]
[PlyCount "43"]
[EventDate "1974.08.??"]

1. Nf3 Nf6 2. g3 g6 3. Bg2 Bg7 4. d4 O-O 5. O-O c6 6. c4 d6 7. Nc3 Qa5 8. h3 e5
9. dxe5 dxe5 10. Be3 Nbd7 11. Qc2 Re8 12. a3 Qc7 13. Rfd1 Nb6 14. b3 Bf5 15.
Qa2 Ne4 16. Nxe4 Bxe4 17. Rd2 Rad8 18. Rad1 Nc8 19. b4 h6 20. Rxd8 Rxd8 21.
Rxd8+ Qxd8 22. Qd2 {[Tiempo Blancas: 1 hora 45 minutos / Tiempo Negras: 1 hora
55 minutos] [Fuente: Boletín oficial del IV TORNEO MONTILLA - MORILES 1974.
(1974, partida número 1, página 5). José María González (Editor). San
Sebastián, España. ]} 1/2-1/2

[Event "Montilla Moriles"]
[Site "Montilla"]
[Date "1974.08.20"]
[Round "1"]
[White "Quinteros, Miguel Angel"]
[Black "Diez del Corral, Jesus Maria"]
[Result "1/2-1/2"]
[WhiteElo "2495"]
[BlackElo "2515"]
[PlyCount "79"]
[EventDate "1974.08.??"]

1. d4 Nf6 2. c4 g6 3. Nc3 Bg7 4. e4 d6 5. Be2 O-O 6. Nf3 c6 7. O-O Bg4 8. Be3
Nbd7 9. b4 a5 10. a3 Qc7 11. Qb3 Rfc8 12. h3 Bxf3 13. Bxf3 e5 14. dxe5 dxe5 15.
Rad1 axb4 16. axb4 Rab8 17. Na4 b5 18. cxb5 cxb5 19. Nc5 Nxc5 20. Bxc5 Bf8 21.
Rc1 Bxc5 22. Rxc5 Qe7 23. Rfc1 Rxc5 24. Rxc5 Nd7 25. Rc7 Qd6 26. Qc3 Nb6 27.
Qc5 Nc4 28. Be2 Qd2 29. Bxc4 bxc4 30. Qxe5 Qxb4 31. Qf6 Rf8 32. Qd4 Qb1+ 33.
Kh2 Qd3 34. Rxc4 Qxd4 35. Rxd4 h5 36. Kg3 Ra8 37. Kf4 Ra2 38. Kg3 Ra5 39. f4
Ra2 40. Rd3 {[Tiempo blancas: 2 horas 29 minutos / Tiempo negras: 2 horas 35
minutos] [Fuente; Boletín oficial del IV TORNEO MONTILLA.MORILES. (1974,
partida número 3, páginas 5 y 6). José María González (Editor). San Sebastiàn,
España. ]} 1/2-1/2

[Event "Montilla Moriles"]
[Site "Montilla"]
[Date "1974.08.21"]
[Round "2"]
[White "Diez del Corral, Jesus Maria"]
[Black "Andersson, Ulf"]
[Result "0-1"]
[WhiteElo "2515"]
[BlackElo "2580"]
[PlyCount "252"]
[EventDate "1974.08.??"]

{(ChPl 7/586).-} 1. e4 c5 2. Nf3 e6 3. d4 cxd4 4. Nxd4 Nc6 5. Nb5 d6 6. c4 Nf6
7. N5c3 Be7 8. Be2 O-O 9. O-O b6 10. Bf4 Bb7 11. Nd2 a6 12. Rc1 Re8 13. Re1 Rc8
14. Bg3 Ne5 15. f4 Ng6 16. Kh1 Rc7 17. b4 Qa8 18. Bf1 Nd7 19. Nb3 Rec8 20. a4
h6 21. Nd4 Ngf8 22. Bf2 Nf6 23. Nb3 N8d7 24. Nd2 Nh7 25. Qb3 Bf6 26. Na2 Nhf8
27. Qa3 Ng6 28. Bg3 Be7 29. a5 bxa5 30. Qxa5 Ngf8 31. Nc3 Bd8 32. Qa2 Nf6 33.
f5 Be7 34. Bf2 N6d7 35. Na4 Bg5 36. Be3 Bxe3 37. Rxe3 Bc6 38. Rd3 Bxe4 39. Nxe4
Qxe4 40. Rxd6 Qxf5 41. Rxa6 Ne5 42. Nb6 Qf4 43. Re1 Rd8 44. g3 Qf3+ 45. Bg2 Qc3
46. Qa1 Qxa1 47. Raxa1 Nxc4 48. Rac1 Rd4 49. Bf1 Nxb6 50. Rxc7 Rxb4 51. Bg2 Rd4
52. h3 g6 53. Re7 Nfd7 54. Re8+ Kg7 55. Re2 h5 56. Bf3 Rd3 57. Kg2 Rc3 58. Kf2
Kf6 59. Re3 Rc2+ 60. Re2 Rc1 61. Re1 Rc7 62. Re3 Rc5 63. Kg2 Nc8 64. Re2 Ne5
65. Rd8 Rc3 66. Be4 Ke7 67. Rdd2 Nd6 68. Rc2 Ra3 69. Rc7+ Kf6 70. Bc2 Nf5 71.
Bxf5 gxf5 72. Rc5 Ng6 73. Rc4 Kg5 74. h4+ Kf6 75. Rec2 Ne7 76. R2c3 Ra2+ 77.
Rc2 Ra6 78. Re2 Ra3 79. Rd4 Ng6 80. Red2 Ke5 81. R4d3 Ra4 82. Rd7 Kf6 83. R7d4
Ra5 84. R2d3 Ne7 85. Rd2 Nd5 86. Kf3 Ke5 87. R4d3 Ra4 88. Re2+ Kf6 89. Red2 Ra5
90. Rd1 Ke5 91. R1d2 f4 92. gxf4+ Nxf4 93. Re3+ Kf5 94. Rd4 Nd5 95. Red3 Ke5
96. Rc4 Ra1 97. Kf2 Ra2+ 98. Kg1 Ra1+ 99. Kf2 f5 100. Rg3 Ra2+ 101. Kg1 Ra1+
102. Kf2 Nf6 103. Rg6 Ra2+ 104. Kg1 Ra1+ 105. Kf2 Ng4+ 106. Ke2 Ra2+ 107. Kd3
Ra3+ 108. Ke2 Kd5 109. Rb4 Ra2+ 110. Ke1 Kc5 111. Rf4 Ne5 112. Rg3 Kd5 113. Rb3
Kd6 114. Kf1 Ng4 115. Kg1 Ke5 116. Rfb4 Rd2 117. Rb5+ Kf6 118. Rb8 Rd4 119. Rh8
Ke5 120. Rxh5 Kf4 121. Rh8 Rd1+ 122. Kg2 Rd2+ 123. Kg1 e5 124. h5 Rd1+ 125. Kg2
Rd2+ 126. Kg1 e4 {[Tiempo blancas: 7 horas 20 minutos / Tiempo negras: 7 horas
40 minutos] [Fuente: Partida gentilmente cedida por Reinhard Nolde. (Alemania
- GER, 17-01-2017). La referencia hemerográfica es Serie CHESS PLAYER. (Año IV,
1974, volumen 7, partida 586). Encuentro J. Díez del Corral vs. J. Andersson
del Torneo Internacional Montilla-Moriles 1974. Publicación editada por Chess
Player Ltd. Nottingham, Inglaterra.]} 0-1

[Event "Montilla Moriles"]
[Site "Montilla"]
[Date "1974.08.21"]
[Round "2"]
[White "Kavalek, Lubomir"]
[Black "Ribli, Zoltan"]
[Result "1/2-1/2"]
[WhiteElo "2625"]
[BlackElo "2525"]
[PlyCount "77"]
[EventDate "1974.08.??"]

1. d4 Nf6 2. c4 e6 3. Nc3 Bb4 4. e3 O-O 5. Nge2 d5 6. a3 Be7 7. cxd5 exd5 8.
Nf4 c6 9. Bd3 Re8 10. O-O Nbd7 11. f3 Nf8 12. Bd2 Bd6 13. g3 Ne6 14. Nce2 a5
15. Qc2 Bd7 16. e4 Qb6 17. Nxe6 Bxe6 18. Bf4 Bxf4 19. gxf4 dxe4 20. fxe4 Bb3
21. Qb1 Rad8 22. Rf3 g6 23. Kh1 c5 24. dxc5 Qxc5 25. Nc3 Bc4 26. Bxc4 Qxc4 27.
e5 Qc6 28. Qf1 Ng4 29. Qg2 Rd2 30. Qxd2 Qxf3+ 31. Kg1 f6 32. Qd5+ Qxd5 33. Nxd5
Rd8 34. Rd1 Kf7 35. h3 Nh6 36. exf6 Ng8 37. Nc3 Rxd1+ 38. Nxd1 Nxf6 39. Kf2 {
[Tiempo blancas: 2 horas 29 minutos / Tiempo negras: 1 hora 35 minutos]
[Fuente: Boletín oficial del IV TORNEO DEL VINO MONTILLA-MORILES. (1974,
partida número 6, página 8). José María González (Editor). San Sebastián,
España. ]} 1/2-1/2

[Event "Montilla Moriles"]
[Site "Montilla"]
[Date "1974.08.21"]
[Round "2"]
[White "Keene, Raymond"]
[Black "Quinteros, Miguel Angel"]
[Result "0-1"]
[WhiteElo "2505"]
[BlackElo "2510"]
[Annotator "Quinteros"]
[PlyCount "66"]
[EventDate "1974.08.??"]

1. Nf3 g6 2. c4 Bg7 3. d4 d6 4. g3 Nf6 5. Bg2 O-O 6. O-O c6 7. Nc3 a6 ({
Una pequeña sorpresa. Hasta ese momento habíamos hecho las jugadas rápidamente,
pero todos saben cómo Keene trae bien preparadas sus variantes; por eso no me
gustaba jugarlamoderna} 7... Qa5 {, que seguramente estaría aún en la memoria
del M.l. inglés y preferí una vieja variante.}) 8. d5 {[Keene evita la
expansión en el flanco de dama negro, pero deja puntos centrales sin control,
que las negras aprovecharán. ]} Nbd7 $1 9. e4 ({En caso de que las blancas
acepten el sacrificio de peón, se encontrarían rápidamente acosadas por las
piezas negras. Por ejemplo:} 9. dxc6 bxc6 10. Nd4 Ne5 11. Nxc6 Nxc6 12. Bxc6
Bh3 13. Bxa8 Qxa8 14. f3 Bxf1 15. Kxf1 Rc8 {
y las negras. a cambio de un peón, presionan los puntos débiles adversarios.})
9... cxd5 10. cxd5 Nc5 11. Nd4 Qb6 {[Las negras sortearon los problemas de
apertura y ahora conquistarán los puntos centrales dejados por las blancas. Se
amenaza indirectamente el peón de rey. ]} 12. Nc2 Ng4 13. h3 Ne5 14. b4 {
[Las activas piezas negras hacen descontrolar las acciones de Keene, pero ?qué
es posible} Ncd3 15. Be3 Qc7 16. Na4 b5 17. Nb6 Rb8 18. Nxc8 Rfxc8 19. Nd4 Nxb4
{[Amenazando 20...Cc2. ]} 20. Qb1 Ned3 {[Protegiendo el dominio de la columna,
que es fundamental para consolidar la ventaja. La lucha ya está ganada por las
negras; solamente es necesario cuidar algunos detalles técnicos. ]} 21. a3 Bxd4
$1 22. Bxd4 Nc2 23. Ra2 Nxd4 24. Qxd3 Qc4 25. Rd2 Qxd3 26. Rxd3 Ne2+ $3 {
[Con dos misiones: alejar el rey de la lucha y dejar paso a la penetración de
las torres, que confirmarán la victoria negra.]} 27. Kh2 Rc2 28. f4 Rbc8 29.
Rf2 Nc1 30. Rdd2 Rxd2 31. Rxd2 Rc3 32. e5 Kf8 33. Bf1 Rxa3 $1 {[Tiempo blancas:
2 horas 29 minutos - Tiempo negras: 1 hora 39 minutos] [Comentarios: GM Miguel
Ángel Quinteros. (JAQUE_34). || Fuente: Quinteros, Miguel A. Artículo "IV
Torneo Internacional Montilla-Moriles" 1974. Revista JAQUE. (01-10-1974, año
IV, número 34, páginas 2-4). José María González (Editor-Director). San
Sebastián, España.]} (33... Rxa3 {. Y las blancas abandonan, ya que si} 34. Rc2
Ra2 $1) 0-1

[Event "Montilla Moriles"]
[Site "Montilla"]
[Date "1974.08.21"]
[Round "2"]
[White "Pfleger, Helmut"]
[Black "Gheorghiu, Florin"]
[Result "1/2-1/2"]
[WhiteElo "2535"]
[BlackElo "2540"]
[PlyCount "40"]
[EventDate "1974.08.??"]

1. d4 Nf6 2. g3 d5 3. Bg2 g6 4. Nf3 Bg7 5. O-O O-O 6. c4 dxc4 7. Na3 Nc6 8.
Nxc4 Be6 9. b3 Bd5 10. Bb2 a5 11. Rc1 a4 12. bxa4 Ra6 13. Nfe5 Bxg2 14. Kxg2
Qa8 15. Nxc6 bxc6 16. Kg1 Rxa4 17. a3 Rb8 18. Ba1 Nd7 19. e3 e6 20. Qc2 c5 {
[Tiempo blancas: 1 hora 25 minutos - Tiempo negras: 1 hora 35 minutos] [Fuente:
Boletín oficial del IV TORNEO DEL VINO MONTILLA-MORILES. (1974, partida número
10, página 10). José María González (Editor). San Sebastián, España.]} 1/2-1/2

[Event "Montilla Moriles"]
[Site "Montilla"]
[Date "1974.08.21"]
[Round "2"]
[White "Radulov, Ivan"]
[Black "Parma, Bruno"]
[Result "1-0"]
[WhiteElo "2490"]
[BlackElo "2510"]
[PlyCount "207"]
[EventDate "1974.08.??"]

1. e4 d6 2. d4 Nf6 3. Nc3 g6 4. f4 Bg7 5. Nf3 O-O 6. Be3 c5 7. dxc5 Qa5 8. Bd3
dxc5 9. e5 Nd5 10. Bd2 Nb4 11. Bc4 Qd8 12. a3 N4c6 13. Be3 b6 14. Qxd8 Rxd8 15.
Ng5 e6 16. Nge4 h6 17. Nb5 Na5 18. Be2 Nbc6 19. Nbd6 Nb7 20. O-O-O Nxd6 21.
Nxd6 Rb8 22. Bf3 Ne7 23. Rd2 Kf8 24. Rhd1 Nf5 25. Nxc8 Rxd2 26. Rxd2 Rxc8 27.
Bf2 g5 28. Rd7 gxf4 29. Bh5 Ne7 30. Bh4 Ng6 31. Bf6 Nxe5 32. Bxe5 Bxe5 33.
Rxf7+ Kg8 34. Rxa7 f3 35. Bxf3 Bxh2 36. Re7 Rd8 37. Rxe6 Rd6 38. Re7 Kf8 39.
Rb7 Ke8 40. c3 Bf4+ 41. Kc2 Kd8 42. a4 Rd2+ 43. Kb1 Bc7 44. Ra7 Kc8 45. Ra8+
Bb8 46. a5 bxa5 47. Rxa5 Bd6 48. Ra7 Bc7 49. Ra6 Bd6 50. Kc1 Bf4 51. Rf6 Bg5
52. Rc6+ Kd7 53. Kb1 Be3 54. Rg6 Rd6 55. Rg7+ Kd8 56. Kc2 Rd2+ 57. Kb3 Rf2 58.
Rb7 Bc1 59. Ka2 Be3 60. Kb1 Rf1+ 61. Ka2 Rf2 62. Rb6 Kc7 63. Rb5 Kd7 64. Kb3
Bc1 65. Rxc5 Rxb2+ {[Suspendida]} 66. Kc4 Rb6 67. Rf5 Ke7 68. Kd3 Rd6+ 69. Kc2
Be3 70. c4 Rg6 71. Re5+ Re6 72. Rb5 Kd6 73. Rd5+ Kc7 74. Rf5 Kd6 75. Rd5+ Kc7
76. Kd3 Bf4 77. Rf5 Rd6+ 78. Bd5 Bg5 79. c5 Rf6 80. Re5 Rf2 81. Bf3 Rd2+ 82.
Kc4 Rc2+ 83. Kb3 Rb2+ 84. Kc4 (84. Kxb2 Bf6 85. Kb3 Bxe5 $14) 84... Rc2+ 85.
Kd5 Rd2+ 86. Ke6 Rd7 87. Rf5 Re7+ 88. Kd5 Rd7+ 89. Kc4 Rd2 90. c6 Rc2+ 91. Kd3
Rc1 92. Rf7+ Kb6 93. Kd4 Bd8 94. Rb7+ Ka5 95. Kd5 Rc2 96. Kd6 Bb6 97. Rh7 Be3
98. Kd7 Kb6 99. Kc8 Bf4 100. Rb7+ Ka6 101. Be4 Rc3 102. c7 $8 Rc1 103. Bd3+ Ka5
$8 104. Kd8 {[Tiempo blancas: 2 horas 30 minutos / Tiempo negras: 5 horas 15
minutos] [Fuente: Boletín oficial del IV TORNEO DEL VINO MONTILLA-MORILES.
(1974, partida número 7, páginas 8 y 9). José Luis González (Editor). San
Sebastián, España. ]} 1-0

[Event "Montilla Moriles"]
[Site "Montilla"]
[Date "1974.08.22"]
[Round "3"]
[White "Andersson, Ulf"]
[Black "Keene, Raymond"]
[Result "1/2-1/2"]
[WhiteElo "2580"]
[BlackElo "2505"]
[PlyCount "114"]
[EventDate "1974.08.??"]

{(ChPl 7/593).-} 1. Nf3 Nf6 2. c4 b6 3. e3 Bb7 4. Be2 c5 5. O-O g6 6. b3 Bg7 7.
Bb2 O-O 8. d3 e6 9. Nbd2 Nc6 10. a3 Qe7 11. Rc1 Rad8 12. Rc2 d6 13. Qa1 e5 14.
Re1 Rfe8 15. Rec1 h6 16. Nf1 Kh7 17. Ng3 a5 18. Re1 d5 19. cxd5 Nxd5 20. Rcc1
Rd7 21. Qb1 Kg8 22. Bd1 Nc7 23. Be2 Ne6 24. Ne4 Qd8 25. Rcd1 Ba6 26. Qc2 f5 27.
Ng3 Rd6 28. Rd2 Qc7 29. Red1 Red8 30. Ne1 Qf7 31. Nf1 Kh7 32. Rc1 Qc7 33. Rdd1
R8d7 34. Nd2 b5 35. Nb1 Qd8 36. Nc3 Ncd4 37. exd4 Nxd4 38. Qd2 Nxb3 39. Qe3
Nxc1 40. Rxc1 e4 41. dxe4 b4 42. Bxa6 bxc3 43. Bxc3 Rxa6 44. Bxg7 Rxg7 45. exf5
gxf5 46. Qxc5 Rf6 47. g3 Rd7 48. Qc3 Rff7 49. Qf3 Rd2 50. Ng2 Qd3 51. Ne3 Qxa3
52. Rc6 Rd6 53. Qh5 Qa1+ 54. Kg2 Rxc6 55. Qxf7+ Qg7 56. Qxf5+ Rg6 57. Qxa5 Qb7+
{[Tiempo blancas: 4 horas - Tiempo negras: 3 horas 30 minutos] [Fuente:
Partida gentilmente cedida por Reinhard Nolde. (Alemania - GER, 17-01-2017).
La referencia hemerográfica es Serie CHESS PLAYER. (Año IV, 1974, volumen 7,
partida 593). Encuentro U. Andersson vs. R. Keene del Torneo Internacional
Montilla-Moriles 1974. Publicación editada por Chess Player Ltd. Nottingham,
Inglaterra.]} 1/2-1/2

[Event "Montilla Moriles"]
[Site "Montilla"]
[Date "1974.08.22"]
[Round "3"]
[White "Quinteros, Miguel Angel"]
[Black "Pfleger, Helmut"]
[Result "1/2-1/2"]
[WhiteElo "2495"]
[BlackElo "2535"]
[PlyCount "81"]
[EventDate "1974.08.??"]

1. e4 d6 2. d4 Nf6 3. Nc3 g6 4. Nf3 Bg7 5. Be2 O-O 6. O-O c6 7. a4 Qc7 8. Be3
Nbd7 9. Nd2 Rd8 10. g4 e5 11. d5 h6 12. h4 cxd5 13. exd5 Nb6 14. Nb5 Qd7 15.
Bxb6 axb6 16. Nc4 Rxa4 17. Rxa4 Qxb5 18. Ra8 Qc5 19. Ne3 Kh7 20. Ra4 b5 21. Ra3
Bd7 22. Rb3 Ra8 23. Rc3 Qb6 24. Ra3 Ra4 25. Rxa4 bxa4 26. Nc4 Qc5 27. Ne3 Qb4
28. Nc4 Bxg4 29. c3 Qc5 30. Ne3 Bd7 31. h5 Ne4 32. hxg6+ fxg6 33. Bg4 Bb5 34.
Re1 a3 35. c4 Bxc4 36. Qc2 Qb4 37. Rc1 Bb3 38. bxa3 Qxa3 39. Qc7 Qb2 40. Rf1
Qc3 41. Qxb7 $15 {[Tiempo blancas: 2 horas 25 minutos - Tiempo negras: 2 horas
35 minutos] [Fuente: Boletín oficial del IV TORNEO DEL VINO MONTILLA-MORILES.
(1974, partida número 12, página 12). José María González (Editor). San
Sebastián, España. ]} 1/2-1/2

[Event "Montilla Moriles"]
[Site "Montilla"]
[Date "1974.08.22"]
[Round "3"]
[White "Ribli, Zoltan"]
[Black "Radulov, Ivan"]
[Result "1/2-1/2"]
[WhiteElo "2525"]
[BlackElo "2490"]
[Annotator "Radulov"]
[PlyCount "40"]
[EventDate "1974.08.??"]

{[Inf 18/552]} 1. c4 Nf6 2. Nc3 e6 3. d4 d5 4. Bg5 Be7 5. e3 O-O 6. Rc1 Nbd7 7.
Nf3 c6 8. Bd3 h6 (8... dxc4 9. Bxc4 Nd5 10. Bxe7 Qxe7 11. O-O Nxc3 12. Rxc3 e5
13. Nxe5 Nxe5 14. dxe5 Qxe5 15. f4 $14) 9. Bh4 Ne8 $5 {N} 10. Bxe7 (10. Bg3
dxc4 11. Bxc4 Bd6 $13) 10... Qxe7 11. Qc2 dxc4 12. Bxc4 e5 13. O-O Nd6 $1 $11
14. Bb3 (14. Bd3 Re8 15. e4 exd4 16. Nxd4 Nc5 $11) 14... e4 15. Nd2 Nf6 16.
Rce1 Be6 17. f3 Bxb3 18. Qxb3 Rae8 19. Re2 (19. fxe4 Nfxe4 20. Ndxe4 Nxe4 21.
Nxe4 Qxe4 22. Qxb7 Rb8 23. Qxa7 Rxb2 24. Rf2 Rxf2 25. Kxf2 Qh4+ $15) 19... Qe6
20. Qc2 Re7 $11 {[Tiempo blancas: 0 horas 45 minutos - Tiempo negras: 1 hora 5
minutos] [Comentarios: GM Ivan Radulov. (Inf18/552). || Fuente: CHESS
INFORMANT. (1975, tomo 18, partida número 552). Selección de partidas del
"Montilla 1974". Editorial Sahovski Informator. Belgrado, Yugoslavia. ]}
1/2-1/2

[Event "Montilla Moriles"]
[Site "Montilla"]
[Date "1974.??.??"]
[Round "3"]
[White "Gheorghiu, Florin"]
[Black "Kavalek, Lubomir"]
[Result "1/2-1/2"]
[WhiteElo "2540"]
[BlackElo "2625"]
[PlyCount "32"]
[EventDate "1974.08.??"]

1. d4 Nf6 2. Nf3 d5 3. c4 e6 4. Nc3 Be7 5. Bg5 O-O 6. e3 Nbd7 7. Rc1 a6 8. cxd5
exd5 9. Bd3 c6 10. Qc2 Re8 11. O-O Nf8 12. Ne5 Ng4 13. Bxe7 Qxe7 14. Nxg4 Bxg4
15. Be2 Bxe2 16. Nxe2 Ne6 {[Tiempo blancas: 0 horas 45 minutos - Tiempo negras:
0 horas 15 minutos] [Fuente: Boletín oficial del IV TORNEO DEL VINO
MONTILLA-MORILES. (1974, partida nùmero 11, página 12). José María González
(Editor). San Sebastián, España. ]} 1/2-1/2

[Event "Montilla Moriles"]
[Site "Montilla"]
[Date "1974.??.??"]
[Round "3"]
[White "Parma, Bruno"]
[Black "Diez del Corral, Jesus Maria"]
[Result "1/2-1/2"]
[WhiteElo "2510"]
[BlackElo "2515"]
[PlyCount "61"]
[EventDate "1974.08.??"]

1. e4 e6 2. d4 d5 3. Nd2 Nf6 4. e5 Nfd7 5. f4 c5 6. c3 Nc6 7. Ndf3 Qa5 8. dxc5
Qxc5 9. Bd3 Be7 10. Ne2 Qb6 11. Ned4 Nc5 12. Bc2 Bd7 13. O-O Ne4 14. Rb1 Bc5
15. Be3 O-O 16. Bd3 Nxd4 17. Nxd4 Rac8 18. Qe2 a5 19. Kh1 f5 20. exf6 {(ap)}
Rxf6 21. Bg1 Nd6 22. Rf3 Rcf8 23. Rbf1 Ne4 24. Be3 Qd6 25. Nb3 Bxe3 26. Qxe3 a4
27. Nd2 Nxd2 28. Qxd2 e5 29. fxe5 Qxe5 30. Rxf6 Rxf6 31. Rxf6 $14 {[Tiempo blan
cas: 2 horas 5 minutos - Tiempo negras: 1 hora 40 minutos] [Fuente: Boletín
oficial del IV TORNEO DEL VINO MONTILLA-MORILES. (1974, partida número 14,
página 13). José María González (Editor). San Sebastián, España. ]} 1/2-1/2